000 00654nam a2200277Ia 4500
005 20260324140616.0
008 008 260324s9999 xx 000 0 eng d
020 _a9780203013175
037 _aEBOOK
040 _aCRL
040 _beng
040 _cCRL
041 _2eng
041 _aeng
084 _qCRL
100 _aJohn Dunning
_91205051
245 0 _aAmerican Investment in British Manufacturing Industry
260 _bTaylor and Francis
260 _c1998
365 _a
365 _b145
856 _uhttp://www.taylorfrancis.com/books/9780203013175
942 _cEBOOK
999 _c1807289
_d1807289